Statistics for The Planets in Spanish Vocab Words

Click here to take the quiz!

General Stats

  • This quiz has been taken 1,426 times
  • The average score is 6 of 8

Answer Stats

HintAnswer% Correct
Venus el Venus
88%
Jupiter el Júpiter
82%
Saturn el Saturno
81%
Mercury el Mercurio
80%
Earth la Tierra
80%
Neptune el Neptuno
77%
Uranus el Urano
68%
Mars el Marte
49%

Score Distribution

Percentile by Number Answered

Percent of People with Each Score

Your Score History

You have not taken this quiz